|
|
|
|
| LEADER |
00000nam0a2200000 4500 |
| 001 |
274051 |
| 005 |
20231101234705.0 |
| 035 |
|
|
|a (RuTPU)RU\TPU\book\297261
|
| 090 |
|
|
|a 274051
|
| 100 |
|
|
|a 20141030d1987 k y0rusy50 ca
|
| 101 |
0 |
|
|a rus
|
| 102 |
|
|
|a RU
|
| 105 |
|
|
|a a z 001zy
|
| 200 |
1 |
|
|a Методы проектирования траекторий носителей и спутников Земли
|f Р. Ф. Аппазов, О. Г. Сытин
|
| 210 |
|
|
|a Москва
|c Наука
|d 1987
|
| 215 |
|
|
|a 440 с.
|c ил.
|
| 225 |
1 |
|
|a Механика космического полета
|
| 320 |
|
|
|a Библиогр.: с. 434-435
|
| 320 |
|
|
|a Предметный указатель: с. 436-440
|
| 606 |
1 |
|
|a Космическое пространство
|x Исследование
|x Аппаратура
|2 stltpush
|3 (RuTPU)RU\TPU\subj\15878
|9 42082
|
| 610 |
1 |
|
|a проектирование
|
| 610 |
1 |
|
|a траектория
|
| 610 |
1 |
|
|a Земля
|
| 610 |
1 |
|
|a спутники
|
| 610 |
1 |
|
|a летательные аппараты
|
| 610 |
1 |
|
|a баллистика
|
| 610 |
1 |
|
|a атмосфера
|
| 610 |
1 |
|
|a орбитальное движение
|
| 610 |
1 |
|
|a рассеивание
|
| 610 |
1 |
|
|a топливо
|
| 610 |
1 |
|
|a запасы
|
| 675 |
|
|
|a 629.785
|v 3
|
| 700 |
|
1 |
|a Аппазов
|b Р. Ф.
|g Рефат Фазылович
|
| 701 |
|
1 |
|a Сытин
|b О. Г.
|g Олег Георгиевич
|
| 801 |
|
1 |
|a RU
|b 63413507
|c 20141030
|
| 801 |
|
2 |
|a RU
|b 63413507
|c 20170117
|g RCR
|
| 942 |
|
|
|c BK
|